000 01097cam a2200349 a 4500
001 7520051
003 USPCAS-E
005 20180118181416.0
008 090427s2009 enka b 001 0 eng
010 _a 2009017411
020 _a9781848211360
020 _a1848211368
024 _a40017377557
035 _a(OCoLC)ocn319691100
035 _a(OCoLC)319691100
035 _a(NNC)7520051
040 _aDLC
_cDLC
_dBWKUK
041 1 _aeng
_hfre
050 0 0 _aTJ163.3
_b.S74713 2009
082 0 0 _a621.042
_222
_bLOW 2009
130 0 _aStockage et technologies à émission réduite.
_lEnglish.
245 1 0 _aLow emission power generation technologies and energy management /
_cedited by Jean-Claude Sabonnadière.
260 _aLondon ;
_aHoboken, NJ :
_bISTE Ltd/John Wiley & Sons,
_c2009.
300 _axviii, 447 p. :
_bill. ;
_c24 cm.
502 _a.
504 _aIncludes bibliographical references and index.
650 0 _aPower resources
_xManagement.
700 1 _aSabonnadière, Jean-Claude.
942 _2ddc
_cBK
948 1 _a20100108
_bc
_cjv5
_dMPS
999 _c355864
_d355864